000 00593nam a22001937a 4500
999 _c5731
_d5731
003 GBCCL
005 20241126110548.0
008 180405b ||||| |||| 00| 0 eng d
040 _cgbc
082 _aVER 306.095417
_bNEI
100 _aNeihsial, Tualchin
_910349
245 _aPaite ngeina dan a kimawlna leh sabet - gaalbetdan /
_cTualchin Neihsial
246 _aPaite traditional games and sports
260 _aLamka:
_bAuthor,
_c1991
300 _a56 p.;
_c18 cm.
650 _aTraditional games and sports
_vPaite
_910350
650 _aPaite
_zIndia
_zNorth East
_910351
942 _2ddc
_cBK
_01